|
|
|
|
| LEADER |
00000nam0a2200000 4500 |
| 001 |
341472 |
| 005 |
20231102005340.0 |
| 010 |
|
|
|a 9785922118088
|
| 035 |
|
|
|a (RuTPU)RU\TPU\book\369481
|
| 090 |
|
|
|a 341472
|
| 100 |
|
|
|a 20181001d2018 k y0rusy50 ca
|
| 101 |
0 |
|
|a rus
|
| 102 |
|
|
|a RU
|
| 105 |
|
|
|a a z 001zy
|
| 200 |
1 |
|
|a Алгоритмическая помехозащита беспилотных летательных аппаратов
|e [монография]
|f В. А. Бухалёв, А. А. Скрынников, В. А. Болдинов
|
| 210 |
|
|
|a Москва
|c Физматлит
|d 2018
|
| 215 |
|
|
|a 188 с.
|c ил.
|
| 320 |
|
|
|a Библиогр.: с. 184-186
|
| 330 |
|
|
|a В монографии изложены основные принципы, методы и алгоритмы построения систем распознавания, оценивания и управления, повышающих устойчивость систем наведения беспилотных летательных аппаратов к информационному, маневренному и поражающему противодействиям со стороны воздушных, наземных и морских объектов. Методы синтеза алгоритмов основаны на теории систем со случайной скачкообразной структурой с использованием марковских процессов, байесовской обработки информации, динамического программирования и игрового минимаксного управления. Книга адресована научным сотрудникам, инженерам, аспирантам и учащимся вузов, специализирующимся в области информационно-управляющих систем.
|
| 606 |
1 |
|
|a Беспилотные летательные аппараты
|2 stltpush
|3 (RuTPU)RU\TPU\subj\28278
|9 51823
|
| 610 |
1 |
|
|a системы управления
|
| 610 |
1 |
|
|a помехозащита
|
| 610 |
1 |
|
|a противодействие
|
| 610 |
1 |
|
|a информация
|
| 610 |
1 |
|
|a обработка информации
|
| 610 |
1 |
|
|a сигналы
|
| 610 |
1 |
|
|a распознавание
|
| 610 |
1 |
|
|a оценивание
|
| 610 |
1 |
|
|a игровые информационно-управляющие алгоритмы
|
| 610 |
1 |
|
|a монографии
|
| 675 |
|
|
|a 629.73-519
|v 4
|
| 700 |
|
1 |
|a Бухалёв
|b В. А.
|g Вадим Алексеевич
|
| 701 |
|
1 |
|a Скрынников
|b А. А.
|g Андрей Александрович
|
| 701 |
|
1 |
|a Болдинов
|b В. А.
|g Виктор Александрович
|
| 801 |
|
1 |
|a RU
|b 63413507
|c 20181001
|
| 801 |
|
2 |
|a RU
|b 63413507
|c 20181012
|g RCR
|
| 942 |
|
|
|c BK
|